[Event "Badalona op 44th"]
[Site "Badalona"]
[Date "2018.08.03"]
[Round "3"]
[White "Kruijf, Caspar"]
[Black "Alcala Gonzalez, Cesar"]
[Result "1-0"]
[WhiteElo "1918"]
[BlackElo "1815"]
[PlyCount "83"]
[EventDate "2018.08.01"]
[EventType "swiss"]
[EventRounds "9"]
[EventCountry "ESP"]
[SourceTitle "EXT 2019"]
[Source "ChessBase"]
[SourceDate "2018.10.10"]
[SourceVersion "1"]
[SourceVersionDate "2018.10.10"]
[SourceQuality "1"]

1. e4 c6 2. d4 d5 3. Nc3 dxe4 4. Nxe4 Nd7 5. Bc4 Ngf6 6. Nxf6+ Nxf6 7. c3 Qc7 8. Qb3 e6 9. Nf3 Bd6 10. 0-0 0-0 11. Re1 b6 12. Bg5 Nd7 13. Bh4 Bb7 14. Bg3 Bxg3 15. hxg3 c5 16. Rad1 cxd4 17. Nxd4 Nc5 18. Qc2 a6 19. Be2 e5 20. Nf3 h6 21. Qf5 Rae8 22. b4 Bc8 23. Qc2 Nd7 24. c4 Bb7 25. Qd2 Rd8 26. Qd6 Qc6 27. Qxc6 Bxc6 28. Rd6 Ba4 29. Bd1 e4 30. Nh4 Bxd1 31. Rexd1 f5 32. Rxd7 Rxd7 33. Rxd7 Rf6 34. Rd5 g6 35. c5 bxc5 36. bxc5 Kf7 37. Kf1 Rc6 38. Ke2 Ke6 39. Rd6+ Rxd6 40. cxd6 Kxd6 41. Nxg6 Ke6 42. Ke3 1-0

[Event "Badalona op 44th"]
[Site "Badalona"]
[Date "2018.08.01"]
[Round "1"]
[White "Kruijf, Caspar"]
[Black "Banon Muntal, Benici"]
[Result "1-0"]
[WhiteElo "1918"]
[BlackElo "1655"]
[PlyCount "48"]
[EventDate "2018.08.01"]
[EventType "swiss"]
[EventRounds "9"]
[EventCountry "ESP"]
[SourceTitle "EXT 2019"]
[Source "ChessBase"]
[SourceDate "2018.10.10"]
[SourceVersion "1"]
[SourceVersionDate "2018.10.10"]
[SourceQuality "1"]

1. e4 e6 2. d4 b6 3. Nf3 Bb7 4. Bd3 c5 5. c3 cxd4 6. cxd4 Nf6 7. Nc3 Bb4 8. Qc2 Bxc3+ 9. bxc3 d5 10. e5 Ne4 11. Ba3 Nd7 12. 0-0 Rc8 13. Bxe4 dxe4 14. Nd2 f5 15. Qb3 Kf7 16. Nc4 Rxc4 17. Qxc4 Bd5 18. Qe2 Qc8 19. Qh5+ g6 20. Qh4 Qd8 21. Qxd8 Rxd8 22. Rfc1 b5 23. Bd6 a6 24. a4 Nb6 1-0

[Event "Goch op 26th"]
[Site "Goch"]
[Date "2015.09.05"]
[Round "4"]
[White "Kruijf, Caspar"]
[Black "Wortmann, Klaus Peter"]
[Result "1/2-1/2"]
[WhiteElo "1881"]
[BlackElo "2084"]
[PlyCount "58"]
[EventDate "2015.09.03"]
[EventType "swiss"]
[EventRounds "7"]
[EventCountry "GER"]
[SourceTitle "EXT 2018"]
[Source "ChessBase"]
[SourceDate "2017.10.13"]
[SourceVersion "1"]
[SourceVersionDate "2017.10.13"]
[SourceQuality "1"]

1. e4 e6 2. d4 d5 3. Nd2 Nf6 4. e5 Nfd7 5. Bd3 c5 6. c3 Nc6 7. Ne2 Qb6 8. Nf3 Be7 9. 0-0 0-0 10. Re1 cxd4 11. cxd4 f6 12. exf6 Bxf6 13. Bb1 e5 14. dxe5 Ndxe5 15. Qxd5+ Kh8 16. Nxe5 Bxe5 17. Be3 Qxb2 18. Be4 Bf5 19. Rab1 Bxe4 20. Qxe4 Qxa2 21. Rxb7 Qa6 22. Rbb1 Rae8 23. Qc2 Re6 24. Red1 Rfe8 25. Rd7 Qa3 26. Bc5 Qa5 27. Be3 Qa3 28. Bc5 Qa5 29. Be3 Qa3 1/2-1/2

[Event "Goch op 26th"]
[Site "Goch"]
[Date "2015.09.04"]
[Round "2"]
[White "Kruijf, Caspar"]
[Black "Schneider, Reinhold"]
[Result "1-0"]
[WhiteElo "1881"]
[BlackElo "1617"]
[PlyCount "85"]
[EventDate "2015.09.03"]
[EventType "swiss"]
[EventRounds "7"]
[EventCountry "GER"]
[SourceTitle "EXT 2018"]
[Source "ChessBase"]
[SourceDate "2017.10.13"]
[SourceVersion "1"]
[SourceVersionDate "2017.10.13"]
[SourceQuality "1"]

1. e4 c5 2. Nc3 Nc6 3. g3 g6 4. Bg2 Bg7 5. d3 e5 6. Be3 d6 7. Qd2 Be6 8. Nge2 Qa5 9. 0-0 Nge7 10. Nc1 b5 11. Nb3 Qb6 12. Nd5 Bxd5 13. exd5 Nd4 14. c3 Nxb3 15. axb3 Nf5 16. f4 Nxe3 17. Qxe3 0-0 18. f5 a5 19. f6 Bh8 20. g4 Rfb8 21. Kh1 c4 22. Qh6 Qd8 23. g5 cxb3 24. Rf3 Qf8 25. Qh4 h5 26. gxh6 Qc8 27. h7+ Kf8 28. Qh6+ Ke8 29. Raf1 Qg4 30. Qg7 Bxg7 31. fxg7 Qxf3 32. Rxf3 Ke7 33. Rh3 a4 34. h8Q a3 35. Qh4+ f6 36. g8N+ Rxg8 37. Qh7+ Kf8 38. Rf3 f5 39. Qh6+ Kf7 40. bxa3 b2 41. Rf1 Rxa3 42. Qd2 Rga8 43. Qxb2 1-0

[Event "Goch op 26th"]
[Site "Goch"]
[Date "2015.09.04"]
[Round "3"]
[White "Stuemer, Paul"]
[Black "Kruijf, Caspar"]
[Result "1/2-1/2"]
[WhiteElo "2069"]
[BlackElo "1881"]
[PlyCount "40"]
[EventDate "2015.09.03"]
[EventType "swiss"]
[EventRounds "7"]
[EventCountry "GER"]
[SourceTitle "EXT 2018"]
[Source "ChessBase"]
[SourceDate "2017.10.13"]
[SourceVersion "1"]
[SourceVersionDate "2017.10.13"]
[SourceQuality "1"]

1. Nf3 d5 2. c4 d4 3. b4 g6 4. Bb2 Bg7 5. e3 e5 6. Qb3 Nh6 7. c5 0-0 8. Bc4 Bg4 9. h4 Bxf3 10. gxf3 Qf6 11. Na3 Qxf3 12. Rf1 dxe3 13. dxe3 c6 14. Be2 Qe4 15. h5 Rd8 16. hxg6 hxg6 17. Nc4 Nf5 18. Rg1 Na6 19. a3 Nc7 20. Bc3 Nb5 1/2-1/2

[Event "Goch op 25th"]
[Site "Goch"]
[Date "2014.09.06"]
[Round "5"]
[White "Szczepanski, Krzysztof"]
[Black "Kruijf, Caspar"]
[Result "1/2-1/2"]
[WhiteElo "1820"]
[BlackElo "1925"]
[PlyCount "41"]
[EventDate "2014.09.04"]
[EventType "swiss"]
[EventRounds "7"]
[EventCountry "GER"]
[SourceTitle "EXT 2016"]
[Source "ChessBase"]
[SourceDate "2015.10.08"]
[SourceVersion "1"]
[SourceVersionDate "2015.10.08"]
[SourceQuality "1"]

1. e4 e5 2. Nf3 Nc6 3. d4 exd4 4. Nxd4 Bc5 5. Be3 Qf6 6. c3 Nge7 7. Nf5 Bxe3 8. Nxe3 Qe5 9. Nd2 d5 10. exd5 Nxd5 11. Ndc4 Nxe3 12. Nxe3 Be6 13. Be2 0-0 14. 0-0 Rad8 15. Qa4 Rd2 16. Bf3 Rxb2 17. Bxc6 bxc6 18. Qxa7 Qxc3 19. Rac1 Qe5 20. Rxc6 Rxa2 21. Qxc7 1/2-1/2

[Event "Goch op 21st"]
[Site "Goch"]
[Date "2010.10.03"]
[Round "6"]
[White "Kruijf, Caspar"]
[Black "Bettman, Jan"]
[Result "1/2-1/2"]
[WhiteElo "1960"]
[BlackElo "1888"]
[PlyCount "78"]
[EventDate "2010.09.30"]
[EventType "swiss"]
[EventRounds "7"]
[EventCountry "GER"]
[SourceTitle "EXT 2012"]
[Source "ChessBase"]
[SourceDate "2011.11.24"]
[SourceVersion "1"]
[SourceVersionDate "2011.11.24"]
[SourceQuality "1"]

1. e4 c5 2. Nc3 e6 3. g3 d5 4. exd5 exd5 5. Bg2 Nf6 6. d3 Bg4 7. Nge2 Nc6 8. f3 Bc8 9. 0-0 Be7 10. Kh1 0-0 11. d4 c4 12. b3 Bb4 13. Bg5 Re8 14. Bxf6 gxf6 15. a3 Bf8 16. Nf4 cxb3 17. cxb3 Be6 18. Qd3 Qd7 19. Nh5 Be7 20. Qd2 Kh8 21. Qh6 Rg8 22. Nxf6 Bxf6 23. Qxf6+ Rg7 24. f4 Qe7 25. Qxe7 Nxe7 26. Rac1 h5 27. Ne2 Nf5 28. Rc3 Re8 29. Kg1 h4 30. Kf2 Nh6 31. h3 hxg3+ 32. Rxg3 Rxg3 33. Nxg3 Rc8 34. Re1 Rc3 35. Re3 Rc2+ 36. Re2 Rc3 37. Re3 Rc2+ 38. Re2 Rc3 39. Re3 Rc2+ 1/2-1/2

[Event "Goch op 21st"]
[Site "Goch"]
[Date "2010.10.02"]
[Round "4"]
[White "Kruijf, Caspar"]
[Black "Dorr, Yannick"]
[Result "1/2-1/2"]
[WhiteElo "1960"]
[BlackElo "1824"]
[PlyCount "165"]
[EventDate "2010.09.30"]
[EventType "swiss"]
[EventRounds "7"]
[EventCountry "GER"]
[SourceTitle "EXT 2012"]
[Source "ChessBase"]
[SourceDate "2011.11.24"]
[SourceVersion "1"]
[SourceVersionDate "2011.11.24"]
[SourceQuality "1"]

1. e4 c5 2. Nc3 Nc6 3. g3 Nf6 4. Bg2 e6 5. f4 d5 6. e5 Nd7 7. d3 Be7 8. Nf3 f6 9. exf6 Bxf6 10. Qe2 Kf7 11. 0-0 Re8 12. Ng5+ Bxg5 13. fxg5+ Kg8 14. Qh5 Nde5 15. Bf4 Ng6 16. Rae1 Kh8 17. Bc1 Nd4 18. Rf2 Bd7 19. Ref1 Rf8 20. Rxf8+ Nxf8 21. Be3 Ng6 22. Bxd4 cxd4 23. Ne2 Rc8 24. Nf4 Nxf4 25. Rxf4 g6 26. Qf3 Kg8 27. Qf2 Bc6 28. Bh3 Qe7 29. Rf6 Bd7 30. Qe2 Re8 31. Qe5 Qc5 32. Bxe6+ Bxe6 33. Rxe6 Rxe6 34. Qxe6+ Kg7 35. Qe5+ Kf7 36. Qf6+ Kg8 37. Qd8+ Kf7 38. Qd7+ Kg8 39. Qxb7 Qxc2 40. Qxd5+ Kf8 41. Qxd4 Qb1+ 42. Kg2 Kg8 43. Qd8+ Kg7 44. Qd7+ Kg8 45. Qe6+ Kg7 46. Qf6+ Kg8 47. Qd8+ Kg7 48. Qc7+ Kg8 49. Qb8+ Kg7 50. Qxa7+ Kg8 51. Qb8+ Kg7 52. Qe5+ Kg8 53. Qc3 Qd1 54. Qc8+ Kg7 55. Qd7+ Kg8 56. Qe6+ Kg7 57. Qe5+ Kg8 58. Qd5+ Kg7 59. Qf3 Qd2+ 60. Qf2 Qxd3 61. h4 Qd5+ 62. Kh2 Qxa2 63. Qf6+ Kg8 64. Qd8+ Kg7 65. Qd2 Kf7 66. Qc3 Kg8 67. g4 Qe6 68. Qf3 Qe5+ 69. Kh3 Qxb2 70. h5 Qc1 71. Qd5+ Kf8 72. Qd8+ Kf7 73. Qf6+ Kg8 74. Qe6+ Kf8 75. Qf6+ Kg8 76. Qe6+ Kf8 77. Qd6+ Kg8 78. Qd5+ Kf8 79. Qf3+ Kg8 80. Qb3+ Kf8 81. Qb8+ Kf7 82. Qb7+ Kf8 83. Qb8+ 1/2-1/2

[Event "Goch op 21st"]
[Site "Goch"]
[Date "2010.10.01"]
[Round "3"]
[White "Baeumler, Ilja"]
[Black "Kruijf, Caspar"]
[Result "1-0"]
[WhiteElo "2236"]
[BlackElo "1960"]
[PlyCount "27"]
[EventDate "2010.09.30"]
[EventType "swiss"]
[EventRounds "7"]
[EventCountry "GER"]
[SourceTitle "EXT 2012"]
[Source "ChessBase"]
[SourceDate "2011.11.24"]
[SourceVersion "1"]
[SourceVersionDate "2011.11.24"]
[SourceQuality "1"]

1. e4 e5 2. Nf3 Nc6 3. d4 exd4 4. Nxd4 Bc5 5. Nxc6 Qf6 6. Qd2 dxc6 7. Bd3 Qe7 8. Qe2 Nf6 9. Nc3 Ng4 10. 0-0 Qh4 11. h3 Qg3 12. hxg4 Bxg4 13. Qd2 Bf3 14. Qg5 1-0

[Event "Goch op 21st"]
[Site "Goch"]
[Date "2010.09.30"]
[Round "1"]
[White "Malakhatko, Vadim"]
[Black "Kruijf, Caspar"]
[Result "1-0"]
[WhiteElo "2578"]
[BlackElo "1960"]
[PlyCount "33"]
[EventDate "2010.09.30"]
[EventType "swiss"]
[EventRounds "7"]
[EventCountry "GER"]
[SourceTitle "EXT 2012"]
[Source "ChessBase"]
[SourceDate "2011.11.24"]
[SourceVersion "1"]
[SourceVersionDate "2011.11.24"]
[SourceQuality "1"]

1. d4 d5 2. c4 dxc4 3. e4 Nf6 4. e5 Nd5 5. Bxc4 Nb6 6. Bb3 Bf5 7. e6 Bxe6 8. Bxe6 fxe6 9. Nf3 Nc6 10. Nc3 Qd6 11. 0-0 h6 12. a4 Nd5 13. Ne4 Qd7 14. Nc5 Qc8 15. Re1 Nd8 16. Ne5 Nf6 17. Qd3 1-0

[Event "Maastricht Limburg op"]
[Site "Maastricht"]
[Date "2008.05.12"]
[Round "7"]
[White "Kruijf, Caspar"]
[Black "Merx, Bob"]
[Result "0-1"]
[WhiteElo "1925"]
[BlackElo "2106"]
[PlyCount "78"]
[EventDate "2008.05.09"]
[EventType "swiss"]
[EventRounds "7"]
[EventCountry "NED"]
[SourceTitle "EXT 2009"]
[Source "ChessBase"]
[SourceDate "2008.11.26"]
[SourceVersion "1"]
[SourceVersionDate "2008.11.26"]
[SourceQuality "1"]

1. e4 e5 2. Nf3 Nc6 3. Bc4 Bc5 4. c3 Qe7 5. d4 Bb6 6. 0-0 d6 7. h3 Nf6 8. Re1 0-0 9. Bg5 h6 10. Bh4 Kh8 11. d5 Nb8 12. Nbd2 Rg8 13. a4 a6 14. a5 Ba7 15. Nf1 g5 16. Bg3 Nbd7 17. Qd2 Nf8 18. h4 Nh5 19. hxg5 hxg5 20. Qe2 Bg4 21. Rad1 Ng6 22. Ne3 Bxe3 23. Qxe3 Ngf4 24. Rd2 Rg7 25. Nh2 Bd7 26. Be2 Nxe2+ 27. Qxe2 Nf4 28. Qd1 g4 29. c4 Qg5 30. Qc1 Rh7 31. Rc2 Kg7 32. f3 gxf3 33. Bxf4 exf4 34. Nxf3 Qg3 35. Rf2 Rh1+ 36. Kxh1 Qxf2 37. Rf1 Rh8+ 38. Nh2 Qg3 39. Qc3+ f6 0-1

[Event "Maastricht Limburg op"]
[Site "Maastricht"]
[Date "2008.05.11"]
[Round "5"]
[White "Kruijf, Caspar"]
[Black "Grandadam, Nicolas"]
[Result "0-1"]
[WhiteElo "1925"]
[BlackElo "2059"]
[PlyCount "150"]
[EventDate "2008.05.09"]
[EventType "swiss"]
[EventRounds "7"]
[EventCountry "NED"]
[SourceTitle "EXT 2009"]
[Source "ChessBase"]
[SourceDate "2008.11.26"]
[SourceVersion "1"]
[SourceVersionDate "2008.11.26"]
[SourceQuality "1"]

1. e4 c5 2. Nc3 e6 3. Nf3 a6 4. d4 cxd4 5. Nxd4 Qc7 6. g3 Bb4 7. Bd2 Nf6 8. Bg2 0-0 9. 0-0 Be7 10. Qe2 d6 11. Be3 Nc6 12. Nxc6 bxc6 13. f4 Bb7 14. h3 d5 15. g4 c5 16. exd5 exd5 17. g5 d4 18. gxf6 Bxf6 19. Ne4 dxe3 20. Nxf6+ gxf6 21. Bxb7 Qxb7 22. Qxe3 Kh8 23. Kh2 Rae8 24. Qf2 Qxb2 25. Rfe1 Qd4 26. Qxd4 cxd4 27. Rad1 Rxe1 28. Rxe1 Rb8 29. Rd1 Rb2 30. Rxd4 Rxc2+ 31. Kg3 Rxa2 32. Kg4 Kg7 33. h4 Ra5 34. Rd6 h5+ 35. Kf3 Kg6 36. Rd7 Ra3+ 37. Ke4 f5+ 38. Kd4 Rf3 39. Rd6+ f6 40. Rxa6 Rxf4+ 41. Ke3 Rxh4 42. Ra8 f4+ 43. Kf3 Kg5 44. Rg8+ Kf5 45. Rh8 Rh3+ 46. Kg2 Rg3+ 47. Kf2 Kg6 48. Rg8+ Kh7 49. Rd8 Ra3 50. Rd4 f3 51. Rd7+ Kg6 52. Rd8 Kg5 53. Rh8 Kf4 54. Rh7 Ra2+ 55. Kf1 h4 56. Rh8 h3 57. Rxh3 Ke3 58. Kg1 Rg2+ 59. Kf1 Rf2+ 60. Kg1 Rg2+ 61. Kf1 Rb2 62. Kg1 Rb1+ 63. Kh2 Kf2 64. Rh7 Rb4 65. Kh1 Rg4 66. Rh8 Re4 67. Kh2 Ke1 68. Ra8 f2 69. Ra1+ Ke2 70. Ra2+ Kf3 71. Ra3+ Re3 72. Ra1 Re1 73. Ra3+ Kf4 74. Ra4+ Kg5 75. Ra5+ f5 0-1

[Event "Maastricht Limburg op"]
[Site "Maastricht"]
[Date "2008.05.11"]
[Round "4"]
[White "Roggeveen, Pieter"]
[Black "Kruijf, Caspar"]
[Result "1/2-1/2"]
[WhiteElo "2099"]
[BlackElo "1925"]
[PlyCount "86"]
[EventDate "2008.05.09"]
[EventType "swiss"]
[EventRounds "7"]
[EventCountry "NED"]
[SourceTitle "EXT 2009"]
[Source "ChessBase"]
[SourceDate "2008.11.26"]
[SourceVersion "1"]
[SourceVersionDate "2008.11.26"]
[SourceQuality "1"]

1. Nf3 d5 2. d4 Nf6 3. c4 dxc4 4. Qa4+ c6 5. Qxc4 Bf5 6. Nc3 e6 7. g3 Nbd7 8. Bg2 Be7 9. 0-0 0-0 10. Re1 h6 11. e4 Bh7 12. a3 a5 13. Qe2 Re8 14. Ne5 Nxe5 15. dxe5 Nd7 16. f4 Nc5 17. Be3 Qc7 18. Qc4 b5 19. Qa2 Na6 20. Rad1 Red8 21. Qb1 Rab8 22. Qc2 b4 23. axb4 Bxb4 24. Qe2 Nc5 25. Qc4 Nd7 26. Ra1 Nb6 27. Qa6 Nd7 28. Red1 Nc5 29. Qc4 Nd7 30. Rdc1 Qb7 31. Rc2 Nb6 32. Qe2 Rd7 33. Rd1 Rbd8 34. Rcd2 Rxd2 35. Rxd2 Rxd2 36. Qxd2 Qd7 37. Qe2 Qb7 38. g4 Nd7 39. Qd3 Be7 40. Qd2 Nc5 41. f5 Qd7 42. Qe2 Qd3 43. Qf2 Nd7 1/2-1/2

[Event "Maastricht Limburg op"]
[Site "Maastricht"]
[Date "2008.05.09"]
[Round "1"]
[White "Voss, Herman"]
[Black "Kruijf, Caspar"]
[Result "1/2-1/2"]
[WhiteElo "2046"]
[BlackElo "1925"]
[PlyCount "72"]
[EventDate "2008.05.09"]
[EventType "swiss"]
[EventRounds "7"]
[EventCountry "NED"]
[SourceTitle "EXT 2009"]
[Source "ChessBase"]
[SourceDate "2008.11.26"]
[SourceVersion "1"]
[SourceVersionDate "2008.11.26"]
[SourceQuality "1"]

1. e4 e5 2. Nf3 Nc6 3. d4 exd4 4. Bc4 Bc5 5. c3 Nf6 6. 0-0 Nxe4 7. cxd4 d5 8. Bb3 Bb6 9. Nc3 Nxc3 10. bxc3 0-0 11. Qd3 Qd6 12. Re1 Bd7 13. g3 Be6 14. Ng5 g6 15. Qf3 Kg7 16. h4 Rae8 17. Bf4 Qd7 18. Nxe6+ fxe6 19. Qg4 Qf7 20. Bc2 h5 21. Qg5 Rh8 22. Ba4 Rh7 23. Bb3 Rf8 24. Re2 Ba5 25. Rc1 Qf6 26. Qxf6+ Kxf6 27. Rce1 Bxc3 28. Rxe6+ Kg7 29. R1e2 Nxd4 30. Re7+ Rf7 31. Rxf7+ Kxf7 32. Bxd5+ Kf6 33. Re3 Bd2 34. Rd3 Ne2+ 35. Kf1 Nxf4 36. gxf4 Bxf4 1/2-1/2

[Event "Benidorm op U2000 06th"]
[Site "Benidorm"]
[Date "2007.??.??"]
[Round "1"]
[White "Aledo Lopez, Angel"]
[Black "Kruijf, Caspar"]
[Result "1/2-1/2"]
[WhiteElo "2045"]
[BlackElo "1970"]
[PlyCount "48"]
[EventDate "2007.11.??"]
[EventType "swiss"]
[EventRounds "9"]
[EventCountry "ESP"]
[SourceTitle "EXT 2010"]
[Source "ChessBase"]
[SourceDate "2010.11.25"]
[SourceVersion "1"]
[SourceVersionDate "2010.11.25"]
[SourceQuality "1"]

1. e4 e5 2. Nf3 Nc6 3. Bc4 Bc5 4. c3 Nf6 5. d4 exd4 6. e5 d5 7. Bb5 Ne4 8. cxd4 Bb6 9. Nc3 Nxc3 10. bxc3 0-0 11. Bg5 Ne7 12. Bd3 Be6 13. Qd2 Qd7 14. Nh4 c5 15. Be3 cxd4 16. cxd4 Rac8 17. 0-0 Nf5 18. Nxf5 Bxf5 19. Rfc1 Bxd3 20. Qxd3 Rxc1+ 21. Rxc1 Rc8 22. Rxc8+ Qxc8 23. Qb5 Qc6 24. Qxc6 bxc6 1/2-1/2

[Event "Barcelona Sants op 07th"]
[Site "Barcelona"]
[Date "2005.08.27"]
[Round "1"]
[White "Gonzalez Garcia, Jose"]
[Black "Kruijf, Caspar"]
[Result "1-0"]
[WhiteElo "2478"]
[BlackElo "2034"]
[PlyCount "53"]
[EventDate "2005.08.27"]
[EventType "swiss"]
[EventRounds "10"]
[EventCountry "ESP"]
[SourceTitle "CBM 108 Extra"]
[Source "ChessBase"]
[SourceDate "2005.11.04"]
[SourceVersion "1"]
[SourceVersionDate "2005.11.04"]
[SourceQuality "1"]

1. Nf3 d5 2. d4 Nf6 3. c4 dxc4 4. e3 Bg4 5. Bxc4 e6 6. Nc3 a6 7. h3 Bh5 8. 0-0 c5 9. g4 Bg6 10. Ne5 Nbd7 11. f4 Nxe5 12. dxe5 Qxd1 13. Rxd1 Ne4 14. Bf1 Nxc3 15. bxc3 Be4 16. a4 Be7 17. Bg2 Bxg2 18. Kxg2 Rd8 19. Ba3 Rc8 20. Rab1 Rc7 21. Rb6 c4 22. Bd6 Rd7 23. Rdb1 Bxd6 24. exd6 0-0 25. e4 f6 26. e5 fxe5 27. fxe5 1-0

[Event "Calvia U2300 opB"]
[Site "Mallorca"]
[Date "2004.10.28"]
[Round "8"]
[White "Kruijf, Caspar"]
[Black "Pons Servera, Cristobal"]
[Result "0-1"]
[WhiteElo "2037"]
[BlackElo "2128"]
[PlyCount "106"]
[EventDate "2004.10.22"]
[EventType "swiss"]
[EventRounds "9"]
[EventCountry "ESP"]
[SourceTitle "EXT 2005"]
[Source "ChessBase"]
[SourceDate "2004.11.15"]
[SourceVersion "1"]
[SourceVersionDate "2004.11.15"]
[SourceQuality "1"]

1. e4 c5 2. Nc3 Nc6 3. g3 g6 4. Bg2 Bg7 5. d3 e6 6. Be3 Nd4 7. Nce2 d5 8. c3 Nxe2 9. Nxe2 d4 10. cxd4 cxd4 11. Bxd4 e5 12. Bc3 Ne7 13. d4 Qb6 14. dxe5 Be6 15. Qd4 Qa6 16. Qe3 Bc4 17. f4 Rd8 18. Nd4 0-0 19. Kf2 f6 20. exf6 Bxf6 21. b3 Bf7 22. Rhd1 g5 23. Bf1 gxf4 24. gxf4 Qb6 25. Ne2 Bh4+ 26. Ng3 Qh6 27. Kg1 Be6 28. Rxd8 Rxd8 29. Bc4 Bxc4 30. bxc4 Qe6 31. Qe2 Qh3 32. Qg2 Qxg2+ 33. Kxg2 Ng6 34. Rf1 Rc8 35. f5 Nf8 36. Rc1 Bg5 37. Re1 Rxc4 38. Bb2 h5 39. Re2 h4 40. Nf1 Nd7 41. e5 Nc5 42. e6 Nd3 43. Kh1 h3 44. e7 Bxe7 45. Rxe7 Rf4 46. Kg1 Nxb2 47. Rxb7 Nd3 48. Rxa7 Rf2 49. Ng3 Rg2+ 50. Kf1 Rxh2 51. Ra3 Rf2+ 52. Kg1 Rg2+ 53. Kf1 Rxg3 0-1

[Event "Utrecht OKU op-B"]
[Site "Utrecht"]
[Date "2000.05.19"]
[Round "1"]
[White "Kruijf, Caspar"]
[Black "Sylbing, Garth"]
[Result "1-0"]
[WhiteElo "1848"]
[BlackElo "1633"]
[PlyCount "119"]
[EventDate "2000.05.??"]
[EventType "swiss"]
[EventRounds "6"]
[EventCountry "NED"]
[SourceTitle "EXT 2002"]
[Source "ChessBase"]
[SourceDate "2001.11.25"]
[SourceVersion "1"]
[SourceVersionDate "2001.11.25"]
[SourceQuality "1"]

1. e4 Nc6 2. Nf3 d6 3. d4 Nf6 4. Nc3 Bg4 5. Be2 e6 6. 0-0 Be7 7. h3 Bh5 8. Be3 Bg6 9. Nd2 d5 10. exd5 exd5 11. a3 0-0 12. Nf3 Bd6 13. Bg5 h6 14. Bxf6 Qxf6 15. Nxd5 Qd8 16. Nc3 a6 17. Re1 Qd7 18. Qd2 Rad8 19. Rad1 Bf5 20. Bf1 Ne7 21. Ne4 Ng6 22. Nxd6 Qxd6 23. c3 Qf6 24. Re3 Nf4 25. Rde1 Nd5 26. Re5 Bxh3 27. gxh3 Qxf3 28. Bg2 Qf4 29. Qxf4 Nxf4 30. Re7 Nxg2 31. Kxg2 Rc8 32. Rd7 Rfd8 33. Rxd8+ Rxd8 34. Re7 Rc8 35. d5 Kf8 36. d6 cxd6 37. Rxb7 Rc6 38. Kf3 g5 39. Kg4 Rc4+ 40. Kf3 Rc6 41. Ra7 Kg7 42. Ke4 Rb6 43. b4 Rc6 44. Kd4 Kf6 45. c4 Ke6 46. b5 axb5 47. cxb5 Rb6 48. a4 h5 49. f3 f5 50. Rh7 h4 51. Rh6+ Kf7 52. Kd5 Kg7 53. Re6 g4 54. fxg4 fxg4 55. hxg4 h3 56. Re3 h2 57. Rh3 Kg6 58. Rxh2 Kg5 59. Re2 Kxg4 60. Re6 1-0

[Event "Haarlem AKN op 06th"]
[Site "Haarlem"]
[Date "1997.??.??"]
[Round "1"]
[White "Kruijf, Caspar"]
[Black "Snieder, Nico"]
[Result "1/2-1/2"]
[WhiteElo "1915"]
[BlackElo "1645"]
[PlyCount "91"]
[EventDate "1997.06.26"]
[EventType "swiss"]
[EventRounds "6"]
[EventCountry "NED"]
[SourceTitle "EXT 2001"]
[Source "ChessBase"]
[SourceDate "2000.11.22"]
[SourceVersion "1"]
[SourceVersionDate "2000.11.22"]
[SourceQuality "1"]

1. e4 e5 2. Nf3 d6 3. d4 Nf6 4. Bc4 c6 5. dxe5 Nxe4 6. exd6 Nxd6 7. Be2 Be7 8. 0-0 0-0 9. Bf4 Ne4 10. Nbd2 Nxd2 11. Qxd2 Qxd2 12. Nxd2 Bf5 13. c3 Nd7 14. Rfe1 Bc5 15. Nb3 Bb6 16. Bc4 Rfe8 17. Nd4 Bg6 18. Rad1 Nf6 19. f3 Rad8 20. Kf1 Rxe1+ 21. Kxe1 Nd5 22. Bg5 Re8+ 23. Kf1 Ne3+ 24. Bxe3 Rxe3 25. Rd2 Kf8 26. Bb3 Bc7 27. Kf2 Re7 28. h3 Bb6 29. Bc2 Rd7 30. Bxg6 hxg6 31. Ke2 Re7+ 32. Kd3 Rd7 33. Kc4 Bxd4 34. Rxd4 Rxd4+ 35. cxd4 Ke7 36. d5 Kd6 37. dxc6 Kxc6 38. a4 a5 39. g3 b6 40. f4 f6 41. g4 Kd6 42. Kd4 Ke6 43. Kc4 Kd6 44. Kb5 Kc7 45. h4 Kb7 46. Kc4 1/2-1/2

[Event "Haarlem AKN op 06th"]
[Site "Haarlem"]
[Date "1997.??.??"]
[Round "5"]
[White "Van de Klashorst, Fred"]
[Black "Kruijf, Caspar"]
[Result "1-0"]
[WhiteElo "2120"]
[BlackElo "1915"]
[PlyCount "112"]
[EventDate "1997.06.26"]
[EventType "swiss"]
[EventRounds "6"]
[EventCountry "NED"]
[SourceTitle "EXT 2001"]
[Source "ChessBase"]
[SourceDate "2000.11.22"]
[SourceVersion "1"]
[SourceVersionDate "2000.11.22"]
[SourceQuality "1"]

1. c4 e5 2. Nf3 Nc6 3. d4 exd4 4. Nxd4 Bc5 5. e3 Nge7 6. Be2 0-0 7. 0-0 d6 8. Nc3 a6 9. b3 Bd7 10. Bb2 Nf5 11. Ne4 Ba7 12. Nxf5 Bxf5 13. Ng3 Be6 14. Nh5 f6 15. Bf3 Qd7 16. Bd5 Kh8 17. Nf4 Bf7 18. Rc1 Rab8 19. Qf3 Ne5 20. Qg3 Qg4 21. Qxg4 Nxg4 22. Rfe1 Ne5 23. Rcd1 Kg8 24. h3 Rfe8 25. Kf1 Kf8 26. Bc3 Nd7 27. Bxf7 Kxf7 28. Nd5 Rbc8 29. Ba5 Bb8 30. Rc1 Ne5 31. Red1 Nc6 32. Bc3 Ba7 33. Rc2 Re4 34. Be1 Ne7 35. Ba5 Nxd5 36. cxd5 Bc5 37. Rd3 Ke8 38. Ke2 Kd8 39. g4 g6 40. Bc3 Ke8 41. Bxf6 Kf7 42. Bb2 b5 43. f3 Re7 44. Bd4 Bxd4 45. Rxd4 Ke8 46. Rc6 Ra8 47. Rd2 Kd8 48. Rdc2 a5 49. a3 Rd7 50. e4 Kc8 51. Ke3 Kb7 52. Rf2 Re8 53. Rcc2 Rde7 54. Rcd2 Re5 55. Rd4 R5e7 56. b4 a4 1-0